000 00308 a2200109 4500
001 ART_10894
005 20260410161732.0
008 260409a
245 1 0 _aDiálogo Este - Oeste
100 1 _aKissinger, Henry
773 0 _tEjecutivos de finanzas
_g- Año 3, Nº 29 (jul. 1986)
_wREV2863
999 _c17934
_d17934